Normal view MARC view
  • Sufean Hussin,

Entry Personal Name

Number of records used in: 1

001 - CONTROL NUMBER

  • control field: 4622

003 - CONTROL NUMBER IDENTIFIER

  • control field: OSt

005 - DATE AND TIME OF LATEST TRANSACTION

  • control field: 20170515152629.0

008 - FIXED-LENGTH DATA ELEMENTS

  • fixed length control field: 170515|| aca||aabn | a|a d

040 ## - CATALOGING SOURCE

  • Original cataloging agency: OSt
  • Transcribing agency: OSt

100 ## - HEADING--PERSONAL NAME

  • Personal name: Sufean Hussin,
  • Dates associated with a name: 1956-

670 ## - SOURCE DATA FOUND

  • Source citation: Work cat.: (OSt)0: Sufean Hussin, 1956- , Pengajaran nilai dalam kurikulum /, 1989
Pusat Sumber Maklumat Dato' Haji Sarmin Md Hussin, Akademi Kastam Diraja Malaysia, Melaka
Tel: 06-2331106 | Faks: 06-2313787